000 00645nam a2200205Ia 4500
003 LDD
008 190117s9999 xx 000 0 und d
020 _a8121403944
_c₹40
040 _cLDD
041 _ahi
082 _a8H1.7 न1606का
100 _aनगेन्द्र
245 0 _aकाव्य बिंब
_cनगेन्द्र
250 _a2रा सं.
260 _aनई दिल्ली
_bनेशनल
_c1990
300 _a54पृ.
901 _aHBC
904 _aReqst by : रीता रानी पालीवाल
942 _2ddc
_cH
999 _c161920
_d161920